000 00434ntaaa2200181 4500
003 01
005 20251027201750.0
008 0714s1973 ag 01
040 _aAR-BaBN
_bspa
_cAR-BaBN
_eaacr
_dRIC
082 _a240.0000 M61
100 _aMillham, W.T.T.
_916159
245 _aViajando hacia el oriente
250 _a1 ed.
260 _aBuenos Aires :
_bAurora,
_c1949
300 _a189 p
650 _avida cristiana
942 _cBK
999 _c12325
_d12325